000
00299nam a22001217a 4500
020
_a
0-07-057449-9
082
_a
621.3815284 DES'E
100
_a
EVANS, ARTHER D
_9
75699
245
_a
DESIGNING WITH FIELD EFFECT TRANSISTORS
260
_a
NEWYORK
_b
MCGRAW HILL
_c
1981
300
_a
293P
942
_c
BK
999
_c
581091
_d
581091